Statystyki dla CO MOŻE BYĆ „ZŁOTE”, ALE NIE JEST ZE ZŁOTA?

Kliknij tutaj aby rozwiązać quiz!

Ogólne statystyki

  • Ten quiz został rozwiązany 38 razy
  • Średni wynik to 2 z 7

Statystyki odpowiedzi

HintOdpowiedź% Poprawnych
1.SERCE
69%
3.MYŚLI
53%
7.RYBKA
22%
5.JESIEŃ
16%
2.PRZEBOJE
9%
6.INTERES
3%
4.ŚRODEK
3%

Rozkład punktacji

Percentyl według liczby udzielonych odpowiedzi

Procent ludzi z każdym wynikiem

Twoja historia wyników

Nie rozwiązałeś tego quizu